[Event "BL 9394 Bamberg-Empor Berlin"]
[Site "?"]
[Date "1994.??.??"]
[Round "?.8"]
[White "Loew, G."]
[Black "Urban, Ju"]
[Result "1-0"]
[WhiteElo "2245"]
[BlackElo "2255"]
[PlyCount "69"]
[EventDate "1994.??.??"]

1. e4 e5 2. Bc4 d6 3. Nf3 Be7 4. d4 exd4 5. Nxd4 Nf6 6. Nc3 O-O 7. O-O a6 8. a4
Nc6 9. Re1 Nb4 10. Nd5 Nbxd5 11. exd5 Ng4 12. h3 Ne5 13. Bf1 Bf6 14. Be3 Bd7
15. a5 Re8 16. Qd2 Ng6 17. c4 c6 18. dxc6 bxc6 19. Nf3 Be6 20. Rad1 d5 21. cxd5
Bxd5 22. Bb6 Qc8 23. Be2 Qf5 24. Nd4 Bxd4 25. Bxd4 Nf4 26. Bf1 Rxe1 27. Rxe1
Bxg2 28. Qe3 Nxh3+ 29. Kxg2 Nf4+ 30. Kg1 Ne6 31. Bc3 h5 32. Bg2 Rd8 33. Qe4 Qg5
34. Qe5 Qg4 35. Qg3 1-0

[Event "BL 9394 Zähringen-Zehlendorf"]
[Site "?"]
[Date "1994.??.??"]
[Round "?.1"]
[White "Bagirov, V."]
[Black "Mikhalchishin, A."]
[Result "1/2-1/2"]
[WhiteElo "2525"]
[BlackElo "2530"]
[PlyCount "53"]
[EventDate "1994.??.??"]

1. d4 Nf6 2. c4 g6 3. Nc3 d5 4. Nf3 Bg7 5. e3 O-O 6. b4 b6 7. Qb3 c5 8. bxc5
bxc5 9. cxd5 Na6 10. Be2 Rb8 11. Qa4 Nb4 12. O-O Nfxd5 13. Bd2 Nxc3 14. Bxc3 a5
15. Rfc1 Bd7 16. Qd1 cxd4 17. Bxd4 Bxd4 18. Qxd4 Bb5 19. Bxb5 Rxb5 20. a3 Rd5
21. Qc3 Nd3 22. Rd1 Ne5 23. Nd4 Qd6 24. Rdc1 Ng4 25. Qc7 Qf6 26. Qg3 Ne5 27. h3
1/2-1/2

[Event "BL 9394 Zähringen-Zehlendorf"]
[Site "?"]
[Date "1994.??.??"]
[Round "?.2"]
[White "Roos, D."]
[Black "Loeffler, S."]
[Result "1/2-1/2"]
[WhiteElo "2425"]
[BlackElo "2440"]
[PlyCount "151"]
[EventDate "1994.??.??"]

1. d4 d5 2. Nf3 e6 3. Bg5 Be7 4. Bxe7 Qxe7 5. Nbd2 Nf6 6. e3 Nbd7 7. c3 e5 8.
Bb5 c6 9. Ba4 e4 10. Ng1 Nf8 11. Bb3 Bg4 12. Ne2 Ng6 13. h3 Bxe2 14. Qxe2 O-O
15. O-O c5 16. Rad1 Rfd8 17. Rfe1 Rac8 18. Nf1 Rc6 19. Rd2 c4 20. Bc2 Nh4 21.
Nh2 b5 22. Rf1 b4 23. f3 Ra6 24. Qe1 Ng6 25. Bb1 bxc3 26. bxc3 exf3 27. Nxf3
Re6 28. Bxg6 hxg6 29. Ne5 Ne4 30. Rb2 Rf6 31. Rxf6 gxf6 32. Nc6 Qa3 33. Rb7 Re8
34. Rxa7 Qxc3 35. Qxc3 Nxc3 36. a4 Re6 37. Rc7 Rxe3 38. a5 Re1+ 39. Kf2 Ra1 40.
Ke3 Ra2 41. h4 Kg7 42. Nd8 Nd1+ 43. Kf3 Kf8 44. Nxf7 Rxa5 45. Nh8 g5 46. Ng6+
Ke8 47. h5 Ra3+ 48. Ke2 Nc3+ 49. Kd2 Ne4+ 50. Kc1 Ra1+ 51. Kb2 Rh1 52. Ne7 c3+
53. Kc2 Rh2 54. Nxd5 Rxg2+ 55. Kd3 f5 56. h6 Rd2+ 57. Ke3 Rh2 58. h7 c2 59.
Rxc2 Rh3+ 60. Ke2 Rxh7 61. Kd3 Rh3+ 62. Kc4 Kd7 63. Ra2 Rh1 64. Ra7+ Ke6 65.
Nc7+ Kd7 66. Nd5+ Ke6 67. Nc7+ Ke7 68. Nd5+ Kf8 69. Ne7 f4 70. Kd5 Nc3+ 71. Kc4
Nd1 72. Ng6+ Kg8 73. Ne5 Ne3+ 74. Kd3 g4 75. Rf7 Rf1 76. Rxf4 1/2-1/2

[Event "BL 9394 Zähringen-Zehlendorf"]
[Site "?"]
[Date "1994.??.??"]
[Round "?.3"]
[White "Zhuravliov, V."]
[Black "Mann, C."]
[Result "0-1"]
[WhiteElo "2455"]
[BlackElo "2455"]
[PlyCount "68"]
[EventDate "1994.??.??"]

1. e4 e6 2. Nc3 d5 3. Nf3 Nf6 4. e5 Nfd7 5. d4 c5 6. dxc5 Nc6 7. Bf4 Bxc5 8.
Bd3 f6 9. exf6 Qxf6 10. Bg3 O-O 11. O-O a6 12. Qe2 Nd4 13. Nxd4 Bxd4 14. Rae1
Nc5 15. Be5 Bxe5 16. Qxe5 Qxe5 17. Rxe5 Bd7 18. Rd1 Rac8 19. Bf1 Kf7 20. f4
Rfd8 21. g3 Na4 22. Nxa4 Bxa4 23. Bh3 Rxc2 24. Bxe6+ Kf6 25. g4 Rxb2 26. g5+
Kg6 27. Rd4 Bc6 28. h4 Rf8 29. f5+ Kh5 30. f6 gxf6 31. gxf6+ Kg6 32. Rf5 Re2
33. Rg4+ Kh6 34. f7 Rxe6 {Zeit} 0-1

[Event "BL 9394 Zähringen-Zehlendorf"]
[Site "?"]
[Date "1994.??.??"]
[Round "?.4"]
[White "Schuh, H."]
[Black "Vogel, R."]
[Result "1-0"]
[WhiteElo "2345"]
[BlackElo "2330"]
[PlyCount "67"]
[EventDate "1994.??.??"]

1. Nf3 Nf6 2. c4 g6 3. g3 Bg7 4. Bg2 O-O 5. O-O d5 6. cxd5 Nxd5 7. d4 Nb6 8.
Nc3 Nc6 9. d5 Na5 10. Qc2 c6 11. dxc6 Nxc6 12. Rd1 Bd7 13. e4 Rc8 14. Qe2 Qe8
15. Be3 Be6 16. Nd5 Bxd5 17. exd5 Nb4 18. Ne1 Qd7 19. h4 Rc7 20. a3 Na6 21. h5
Nc5 22. Rac1 Rfc8 23. Bf4 Nca4 24. Rxc7 Rxc7 25. Bxc7 Qxc7 26. Nd3 Qd6 27. Rc1
Bh6 28. Rc2 Nxd5 29. Bxd5 Qxd5 30. Rc8+ Kg7 31. Qxe7 Qxh5 32. Qf8+ Kf6 33. Qd6+
Kg7 34. Qd4+ 1-0

[Event "BL 9394 Zähringen-Zehlendorf"]
[Site "?"]
[Date "1994.??.??"]
[Round "?.5"]
[White "Cladouras, P."]
[Black "Raupp, T."]
[Result "1-0"]
[WhiteElo "2350"]
[BlackElo "2370"]
[PlyCount "99"]
[EventDate "1994.??.??"]

1. e4 c5 2. Nf3 e6 3. d4 cxd4 4. Nxd4 a6 5. Bd3 Bc5 6. Nb3 Ba7 7. Qe2 Nc6 8.
Nc3 d6 9. Be3 b5 10. a4 b4 11. Nd1 Nf6 12. Bxa7 Rxa7 13. Ne3 O-O 14. f4 e5 15.
f5 Nd4 16. Qf2 Nxb3 17. cxb3 Rc7 18. O-O Bb7 19. Qe1 a5 20. Nc4 Qa8 21. Rd1 Rd8
22. Qh4 Qa7+ 23. Kh1 Qc5 24. h3 h6 25. Bb1 Rcd7 26. Rc1 Qa7 27. Rfd1 Rc8 28.
Qe1 Rcd8 29. Rd2 d5 30. exd5 Bxd5 31. Qxe5 Re7 32. Qf4 Rde8 33. Qf2 Qxf2 34.
Rxf2 Re1+ 35. Rf1 R1e2 36. Rg1 Bxc4 37. Rxc4 Rxb2 38. Rc5 Rxb3 39. Rxa5 Rb2 40.
Bd3 Rd2 41. Bc4 Re7 42. Ra8+ Kh7 43. Rf8 Nd7 44. Rxf7 Rxf7 45. Bxf7 Ne5 46. Be6
Rd3 47. Re1 Nc6 48. f6 g6 49. f7 Kg7 50. Bc4 1-0

[Event "BL 9394 Zähringen-Zehlendorf"]
[Site "?"]
[Date "1994.??.??"]
[Round "?.6"]
[White "Brendel, O."]
[Black "Heinig, W."]
[Result "1-0"]
[WhiteElo "2360"]
[BlackElo "2320"]
[PlyCount "85"]
[EventDate "1994.??.??"]

1. e4 c5 2. Nf3 e6 3. d4 cxd4 4. Nxd4 a6 5. Nc3 Qc7 6. Be3 Nf6 7. Qd2 Bb4 8.
Bd3 d5 9. exd5 Nxd5 10. Nde2 O-O 11. Bg5 f6 12. Bh4 Rd8 13. O-O Nxc3 14. Nxc3
Nd7 15. Rfd1 Be7 16. Qe3 Nf8 17. Bg3 e5 18. Be4 Be6 19. Nd5 Bxd5 20. Bxd5+ Kh8
21. Qe4 Rab8 22. f4 exf4 23. Bxf4 Bd6 24. Bxd6 Rxd6 25. c4 Nd7 26. b4 Ne5 27.
c5 Rd7 28. Bb3 Rbd8 29. Ba4 Rxd1+ 30. Rxd1 Rxd1+ 31. Bxd1 a5 32. a3 g6 33. Qd5
Kg7 34. Bb3 axb4 35. axb4 b6 36. Qg8+ Kh6 37. Qf8+ Kg5 38. h4+ Kxh4 39. Qxf6+
Kg3 40. Qf2+ Kg4 41. Qf6 Kg3 42. Qg5+ Ng4 43. Be6 1-0

[Event "BL 9394 Zähringen-Zehlendorf"]
[Site "?"]
[Date "1994.??.??"]
[Round "?.7"]
[White "Lieb, H."]
[Black "Siegel, G."]
[Result "0-1"]
[WhiteElo "2275"]
[BlackElo "2385"]
[PlyCount "134"]
[EventDate "1994.??.??"]

1. d4 d5 2. c4 e6 3. Nf3 Nf6 4. Nc3 dxc4 5. e4 Bb4 6. e5 Ne4 7. Qc2 Qd5 8. Be2
b5 9. O-O Bxc3 10. bxc3 Bb7 11. a4 a6 12. Ba3 Nd7 13. Rfd1 f5 14. Ne1 Nb6 15.
axb5 axb5 16. f3 Ng5 17. Qb2 Qd7 18. Rdb1 Bc6 19. Qd2 h6 20. Nc2 Nd5 21. Nb4
Nxb4 22. Bxb4 Kf7 23. h4 Nh7 24. g4 Rxa1 25. Rxa1 Ra8 26. Rxa8 Bxa8 27. gxf5
exf5 28. Qa2 Bd5 29. Qa7 Nf8 30. Qb8 Ne6 31. Bd1 Qe8 32. Qxe8+ Kxe8 33. Bc2 g6
34. Kf2 Nf4 35. Ba3 Be6 36. Bc1 Nd5 37. Bd2 g5 38. hxg5 hxg5 39. Bd1 Kf7 40.
Be1 Kg6 41. Bc2 Kh5 42. Bd1 Ne7 43. Bc2 c6 44. Bd2 Ng6 45. Kg3 f4+ 46. Kf2 Nh4
47. Be4 Bd5 48. Bc1 Kh6 49. Ba3 Ng6 50. e6 Bxe4 51. fxe4 Kg7 52. d5 cxd5 53.
exd5 Kf6 54. Bc5 g4 55. Bd4+ Kf5 56. Bc5 Ke5 57. e7 Nxe7 58. Bxe7 Kxd5 59. Ke2
Ke4 60. Kf2 g3+ 61. Kg2 Kd3 62. Bb4 Ke2 63. Bc5 b4 64. cxb4 c3 65. b5 c2 66.
Ba3 f3+ 67. Kxg3 f2 0-1

[Event "BL 9394 Zähringen-Zehlendorf"]
[Site "?"]
[Date "1994.??.??"]
[Round "?.8"]
[White "Herbrechtsmeier, C."]
[Black "Klimm, W."]
[Result "1/2-1/2"]
[WhiteElo "2320"]
[BlackElo "2250"]
[PlyCount "129"]
[EventDate "1994.??.??"]

1. e4 c6 2. d4 d5 3. exd5 cxd5 4. c4 Nf6 5. Nc3 e6 6. Nf3 Be7 7. cxd5 Nxd5 8.
Bd3 O-O 9. O-O Nc6 10. a3 Nf6 11. Re1 b6 12. Bg5 Bb7 13. Bc2 Re8 14. Qd3 g6 15.
Rad1 Nd5 16. Bc1 Rc8 17. Nxd5 exd5 18. h4 Bf6 19. Bg5 Bxg5 20. Rxe8+ Qxe8 21.
hxg5 a6 22. Re1 Qd8 23. b4 b5 24. Bb1 Qb6 25. Qe3 a5 26. bxa5 Nxa5 27. Ne5 Nc4
28. Nd7 Qd8 29. Nf6+ Qxf6 30. Qe8+ Rxe8 31. Rxe8+ Kg7 32. gxf6+ Kxf6 33. Bd3
Bc6 34. Rc8 Bd7 35. Rc7 Ke6 36. Bxc4 dxc4 37. f3 Kd6 38. Rc5 h5 39. Kf2 h4 40.
Ke3 f6 41. a4 bxa4 42. Rxc4 g5 43. Rc5 Bc6 44. Ra5 Ke6 45. d5+ Bxd5 46. Rxa4
Ke5 47. Ra5 f5 48. Rb5 g4 49. Rb4 h3 50. gxh3 Bxf3 51. hxg4 fxg4 52. Rf4 Bd1
53. Rd4 Bf3 54. Ra4 Kf5 55. Ra5+ Kf6 56. Kf4 Ke6 57. Rg5 Kf6 58. Re5 Kg6 59.
Re6+ Kf7 60. Ke5 Kg7 61. Kf5 Kf7 62. Rf6+ Kg7 63. Rg6+ Kf7 64. Rxg4 Bxg4+ 65.
Kxg4 1/2-1/2

[Event "BL 9394 Empor Berlin-Zähringen"]
[Site "?"]
[Date "1994.??.??"]
[Round "?.1"]
[White "Mikhalchishin, A."]
[Black "Muse, M."]
[Result "0-1"]
[WhiteElo "2530"]
[BlackElo "2455"]
[PlyCount "70"]
[EventDate "1994.??.??"]

1. Nf3 Nf6 2. c4 d6 3. d4 g6 4. g3 Bg7 5. Bg2 O-O 6. O-O c6 7. b3 e5 8. dxe5
dxe5 9. Ba3 Re8 10. Qxd8 Rxd8 11. Nc3 Re8 12. Rad1 Bf5 13. h3 Ne4 14. Nxe4 Bxe4
15. Nd2 Bxg2 16. Kxg2 Nd7 17. Ne4 Nf8 18. Nd6 Reb8 19. e4 b6 20. f4 exf4 21.
gxf4 Rd8 22. e5 Ne6 23. f5 gxf5 24. Rxf5 c5 25. Bb2 Rd7 26. Rdf1 Rf8 27. Ne4
Re8 28. R1f2 Nd4 29. Rg5 Kh8 30. Bxd4 cxd4 31. Nd6 Ree7 32. Rf4 Bh6 33. Nxf7+
Rxf7 34. e6 Rxf4 35. exd7 Bxg5 0-1

[Event "BL 9394 Empor Berlin-Zähringen"]
[Site "?"]
[Date "1994.??.??"]
[Round "?.2"]
[White "Luther, T."]
[Black "Roos, D."]
[Result "1/2-1/2"]
[WhiteElo "2515"]
[BlackElo "2425"]
[PlyCount "92"]
[EventDate "1994.??.??"]

1. e4 c6 2. d4 d5 3. Nd2 dxe4 4. Nxe4 Bf5 5. Ng3 Bg6 6. h4 h6 7. Nf3 Nd7 8. h5
Bh7 9. Bd3 Bxd3 10. Qxd3 Ngf6 11. Bd2 e6 12. O-O-O Qc7 13. Qe2 O-O-O 14. Ne5
Nb6 15. Ba5 Rd5 16. Bxb6 axb6 17. c4 Ra5 18. Kb1 Bd6 19. f4 Rd8 20. Ne4 Nxe4
21. Qxe4 b5 22. c5 Bxe5 23. fxe5 b6 24. Rhf1 Rd7 25. Qh7 Qd8 26. Qxg7 bxc5 27.
Rxf7 Rxf7 28. Qxf7 Qd5 29. Qf8+ Kb7 30. Qe7+ Kc8 31. Qxc5 Qxa2+ 32. Kc1 Kb7 33.
Rd3 Qa1+ 34. Kc2 Ra2 35. Qe7+ Kb6 36. Qc5+ Kb7 37. Qe7+ Kb6 38. Qb4 Qf1 39. Rc3
Qxg2+ 40. Kb1 Ra4 41. Qc5+ Kb7 42. Qe7+ Kb6 43. Qd8+ Kb7 44. Qd7+ Kb6 45. Qd8+
Kb7 46. Qd7+ Kb6 1/2-1/2

[Event "BL 9394 Empor Berlin-Zähringen"]
[Site "?"]
[Date "1994.??.??"]
[Round "?.3"]
[White "Mann, C."]
[Black "Volke, K."]
[Result "1-0"]
[WhiteElo "2455"]
[BlackElo "2480"]
[PlyCount "123"]
[EventDate "1994.??.??"]

1. e4 c5 2. c3 g6 3. d4 cxd4 4. cxd4 d5 5. exd5 Nf6 6. Bb5+ Nbd7 7. Nc3 Bg7 8.
d6 exd6 9. Qe2+ Qe7 10. Bf4 Qxe2+ 11. Bxe2 Ke7 12. Bf3 Nb6 13. Nge2 Bg4 14.
Bxb7 Rab8 15. Be4 Bxe2 16. Kxe2 Nxe4 17. Nxe4 Nc8 18. Kd3 Rb4 19. Be3 Kd7 20.
b3 f5 21. Nc3 f4 22. Nd5 Rb5 23. Nxf4 Rf8 24. Ne2 Ne7 25. Nc3 Rb4 26. Rac1 Nc6
27. Ne2 a5 28. Rc3 Rb7 29. a3 Ne7 30. Rb1 Rfb8 31. b4 Nd5 32. Rcb3 a4 33. R3b2
Nb6 34. Rc2 d5 35. Rc5 Bf8 36. Ra5 Rc8 37. Nc3 Nc4 38. Rxa4 Ke6 39. Ra6+ Bd6
40. Bf4 Rd7 41. Re1+ Kf7 42. Bxd6 Nxd6 43. Nxd5 Nb5 44. Re5 Rc1 45. Ra5 Nd6 46.
Nc3 Nf5 47. Re4 Rh1 48. Rf4 Kg7 49. b5 Rb7 50. g4 Ne7 51. b6 Nc6 52. Rb5 Rxh2
53. d5 Ne5+ 54. Kd4 Nd7 55. a4 Rh1 56. a5 Ra1 57. d6 Ra3 58. Kd3 Nb8 59. Rc4
Rd7 60. Rc7 Kf6 61. Rxd7 Nxd7 62. Kc2 1-0

[Event "BL 9394 Empor Berlin-Zähringen"]
[Site "?"]
[Date "1994.??.??"]
[Round "?.4"]
[White "Rabiega, R."]
[Black "Schuh, H."]
[Result "1-0"]
[WhiteElo "2480"]
[BlackElo "2345"]
[PlyCount "107"]
[EventDate "1994.??.??"]

1. e4 c5 2. c3 d5 3. exd5 Qxd5 4. d4 Nf6 5. Nf3 Bg4 6. Qa4+ Nbd7 7. Be2 e6 8.
Be3 Be7 9. h3 Bh5 10. c4 Qc6 11. Qxc6 bxc6 12. Nc3 Rc8 13. O-O-O cxd4 14. Bxd4
Bc5 15. Bxc5 Nxc5 16. g4 Bg6 17. Ne5 Ncd7 18. Nxg6 hxg6 19. f4 Ke7 20. Bf3 Rhd8
21. Kc2 Nb8 22. Rhe1 Rxd1 23. Nxd1 Rd8 24. Kc3 Nfd7 25. Nf2 Nc5 26. b4 Na4+ 27.
Kb3 Rd2 28. Re2 Rxe2 29. Bxe2 Nb6 30. Bf3 N6d7 31. Nd3 Kd6 32. c5+ Kc7 33. a4
a6 34. Kc4 f6 35. Kd4 Nf8 36. Kc4 Nfd7 37. Be4 Nf8 38. b5 axb5+ 39. axb5 Kd7
40. Nb4 cxb5+ 41. Kxb5 Kc7 42. c6 f5 43. Bd3 Kd6 44. g5 Nfd7 45. cxd7 Nxd7 46.
Kc4 e5 47. Nd5 Nf8 48. Be2 Ne6 49. h4 exf4 50. Bf3 Ke5 51. Ne7 Nf8 52. Nc6+ Kd6
53. Bd5 Nd7 54. Kd4 1-0

[Event "BL 9394 Empor Berlin-Zähringen"]
[Site "?"]
[Date "1994.??.??"]
[Round "?.5"]
[White "Vatter, HJ."]
[Black "Poldauf, D."]
[Result "0-1"]
[WhiteElo "2330"]
[BlackElo "2425"]
[PlyCount "70"]
[EventDate "1994.??.??"]

1. e4 e6 2. d4 d5 3. e5 c5 4. c3 Nc6 5. Nf3 Nge7 6. Bd3 cxd4 7. cxd4 Nf5 8.
Bxf5 exf5 9. Nc3 Be6 10. h4 h6 11. Ne2 g6 12. Nf4 Qb6 13. g3 Be7 14. Kf1 O-O-O
15. Kg2 Rdg8 16. Qd3 Qd8 17. Bd2 g5 18. hxg5 hxg5 19. Nxe6 fxe6 20. Rac1 Kb8
21. Bc3 g4 22. Nd2 Bg5 23. Rcg1 f4 24. gxf4 Bxf4 25. Nf1 Ne7 26. Ng3 Bxg3 27.
fxg3 Nf5 28. Rf1 Qg5 29. Bd2 Qg6 30. Qc3 Rh3 31. Bf4 Nxg3 32. Qxg3 Qe4+ 33. Kf2
Qxd4+ 34. Kg2 Rxg3+ 35. Bxg3 Rc8 0-1

[Event "BL 9394 Empor Berlin-Zähringen"]
[Site "?"]
[Date "1994.??.??"]
[Round "?.6"]
[White "Stern, R."]
[Black "Raupp, T."]
[Result "1/2-1/2"]
[WhiteElo "2385"]
[BlackElo "2370"]
[PlyCount "93"]
[EventDate "1994.??.??"]

1. e4 c5 2. Nf3 e6 3. d3 d5 4. Nbd2 Nc6 5. g3 g6 6. Bg2 Bg7 7. O-O Nge7 8. Re1
b6 9. c3 Bb7 10. e5 Qc7 11. d4 h6 12. Nf1 O-O-O 13. b3 Kb8 14. Ba3 Nc8 15. Ne3
Bf8 16. Qe2 Be7 17. Rac1 cxd4 18. Bxe7 Qxe7 19. cxd4 a5 20. Qb2 N8a7 21. Bf1
Rc8 22. Ng4 Rc7 23. Rc3 Rhc8 24. Rec1 h5 25. Nf6 Qb4 26. a3 Qe7 27. h4 Nd8 28.
b4 Rxc3 29. Rxc3 Rxc3 30. Qxc3 axb4 31. axb4 Bc6 32. b5 Bxb5 33. Bxb5 Nxb5 34.
Qb3 Na7 35. Qxb6+ Kc8 36. Ng5 Nac6 37. Kf1 Qa7 38. Qxa7 Nxa7 39. Ke2 Nac6 40.
Kd3 Ne7 41. Nfh7 Kd7 42. Nh3 Nf5 43. N7g5 Ke7 44. Nf4 Nc6 45. Nf3 Nh6 46. Ng1
Nf5 47. Nge2 1/2-1/2

[Event "BL 9394 Empor Berlin-Zähringen"]
[Site "?"]
[Date "1994.??.??"]
[Round "?.7"]
[White "Brendel, O."]
[Black "Thinius, M."]
[Result "1/2-1/2"]
[WhiteElo "2360"]
[BlackElo "2305"]
[PlyCount "68"]
[EventDate "1994.??.??"]

1. e4 e5 2. Nf3 Nc6 3. Bb5 a6 4. Ba4 Nf6 5. d4 exd4 6. O-O Be7 7. Re1 O-O 8. e5
Ne8 9. Bf4 b5 10. Bb3 d5 11. c3 Bf5 12. a4 Be4 13. axb5 axb5 14. Rxa8 Qxa8 15.
Nbd2 dxc3 16. bxc3 Na5 17. Nxe4 Nxb3 18. Qxb3 dxe4 19. Nd4 c6 20. Nf5 Bc5 21.
Qc2 Nc7 22. Qxe4 Ne6 23. Be3 Bxe3 24. Qxe3 Qa3 25. f4 Ra8 26. Nd6 Qc5 27. f5
Qxe3+ 28. Rxe3 Nf4 29. e6 fxe6 30. fxe6 Nd5 31. Rd3 Ne7 32. Ne4 Nd5 33. Nd6 Ne7
34. Ne4 Nd5 1/2-1/2

[Event "BL 9394 Empor Berlin-Zähringen"]
[Site "?"]
[Date "1994.??.??"]
[Round "?.8"]
[White "Urban, Ju"]
[Black "Siegel, G."]
[Result "0-1"]
[WhiteElo "2255"]
[BlackElo "2385"]
[PlyCount "96"]
[EventDate "1994.??.??"]

1. Nf3 Nf6 2. g3 d5 3. Bg2 c6 4. O-O Bf5 5. b3 e6 6. Bb2 Be7 7. d3 h6 8. Nbd2
O-O 9. c4 a5 10. a3 Bh7 11. Qc2 Nbd7 12. Rfc1 Bc5 13. cxd5 exd5 14. Bd4 Bd6 15.
Qb2 Re8 16. e4 dxe4 17. dxe4 Bxe4 18. Nxe4 Rxe4 19. Re1 Rxe1+ 20. Rxe1 Qf8 21.
a4 Bc5 22. Bf1 Bxd4 23. Qxd4 Qb4 24. Qxb4 axb4 25. Nd4 Kf8 26. Nf5 Re8 27. Rd1
Nc5 28. Bc4 h5 29. Rc1 Nfe4 30. Rd1 g6 31. Ne3 Nc3 32. Rd6 N5e4 33. Rd7 Re7 34.
Rd8+ Kg7 35. a5 Nc5 36. Nc2 Re4 37. Rb8 Ne2+ 38. Kf1 Nd4 39. Nxd4 Rxd4 40. Rc8
Rxc4 41. bxc4 b3 42. a6 b2 43. a7 b1=Q+ 44. Kg2 Qe4+ 45. Kf1 Nd3 46. a8=Q Qe1+
47. Kg2 Qxf2+ 48. Kh3 Nf4+ 0-1

[Event "BL 9394 Zehlendorf-Bamberg"]
[Site "?"]
[Date "1994.??.??"]
[Round "?.2"]
[White "Loeffler, S."]
[Black "Pribyl, J."]
[Result "1-0"]
[WhiteElo "2440"]
[BlackElo "2395"]
[PlyCount "81"]
[EventDate "1994.??.??"]

1. d4 Nf6 2. c4 g6 3. g3 Bg7 4. Bg2 d5 5. cxd5 Nxd5 6. Nf3 O-O 7. O-O Nb6 8.
Nc3 Nc6 9. e3 Be6 10. b3 a5 11. Ng5 Bf5 12. Nge4 e5 13. d5 Nb4 14. Bb2 Qc8 15.
a3 Na6 16. Rc1 Rd8 17. Qf3 Qd7 18. Rfd1 Bg4 19. Nf6+ Bxf6 20. Qxf6 Bxd1 21. Ne4
Re8 22. Bxe5 Rxe5 23. Qxe5 Qf5 24. Nf6+ Kg7 25. Nh5+ Kf8 26. Qxf5 gxf5 27. Rxd1
Rd8 28. Nf4 Ke7 29. Rc1 Kd6 30. Bh3 Ke5 31. Bf1 Nxd5 32. Bxa6 bxa6 33. Rc5 Ke4
34. f3+ Kxe3 35. Rxd5 Rxd5 36. Nxd5+ Kd4 37. Nxc7 Kc3 38. b4 axb4 39. axb4 Kxb4
40. Nxa6+ Kc4 41. Kf2 1-0

[Event "BL 9394 Zehlendorf-Bamberg"]
[Site "?"]
[Date "1994.??.??"]
[Round "?.3"]
[White "Meister, P."]
[Black "Zhuravliov, V."]
[Result "1-0"]
[WhiteElo "2415"]
[BlackElo "2455"]
[PlyCount "85"]
[EventDate "1994.??.??"]

1. d4 d6 2. c4 e5 3. Nf3 e4 4. Ng5 f5 5. Nc3 Be7 6. Nh3 Nf6 7. e3 c6 8. Be2 O-O
9. d5 Nbd7 10. O-O Ne5 11. f4 exf3 12. gxf3 Qe8 13. Kh1 Kh8 14. Rg1 Ng6 15. Qf1
Bd8 16. Qg2 Rg8 17. Ng5 Nf8 18. Bd3 h6 19. Nh3 Nh5 20. Bd2 Qf7 21. Rad1 Bf6 22.
Bb1 Bd7 23. Bc1 Bxc3 24. bxc3 c5 25. e4 Nh7 26. Nf2 g5 27. Rde1 Rae8 28. exf5
Bxf5 29. Bxf5 Qxf5 30. Ne4 Qd7 31. Qg4 Qxg4 32. fxg4 N5f6 33. Nxd6 Rxe1 34.
Rxe1 Nxg4 35. Nxb7 Nhf6 36. Kg2 Nd7 37. Re6 Rf8 38. h3 Ngf6 39. Be3 Rb8 40.
Nxc5 Rb2+ 41. Kf3 Kg8 42. Nxd7 Nxd7 43. c5 1-0

[Event "BL 9394 Zehlendorf-Bamberg"]
[Site "?"]
[Date "1994.??.??"]
[Round "?.4"]
[White "Vogel, R."]
[Black "Hennings, A."]
[Result "0-1"]
[WhiteElo "2330"]
[BlackElo "2365"]
[PlyCount "92"]
[EventDate "1994.??.??"]

1. d4 d6 2. c4 e5 3. Nf3 e4 4. Ng5 f5 5. Nc3 Be7 6. Nh3 Nf6 7. e3 c6 8. Be2 O-O
9. O-O Na6 10. f3 Nc7 11. Bd2 Kh8 12. Rc1 exf3 13. Rxf3 Be6 14. Ng5 Bd7 15. Qc2
Ng4 16. Nh3 Bf6 17. Nf4 Qe7 18. Rh3 Nh6 19. Bd3 Ne6 20. Rf1 Nxf4 21. Rxf4 Bg5
22. Rf1 Rae8 23. Rhf3 Kg8 24. h3 g6 25. e4 Bxd2 26. Qxd2 Qg7 27. Bc2 Kh8 28.
Qf2 Rg8 29. Kh1 a6 30. exf5 gxf5 31. Ne2 Be6 32. b3 b5 33. cxb5 cxb5 34. Nf4
Bf7 35. Qh4 Re4 36. Bxe4 fxe4 37. Rc3 Nf5 38. Qf2 b4 39. Rc6 e3 40. Qf3 Nxd4
41. Qe4 Re8 42. Qxe8+ Bxe8 43. Rc8 Qf7 44. Re1 e2 45. Nd3 Kg7 46. Kh2 Bb5 0-1

[Event "BL 9394 Zehlendorf-Bamberg"]
[Site "?"]
[Date "1994.??.??"]
[Round "?.5"]
[White "Pribyl, M."]
[Black "Cladouras, P."]
[Result "1-0"]
[WhiteElo "2360"]
[BlackElo "2350"]
[PlyCount "131"]
[EventDate "1994.??.??"]

1. e4 e5 2. Nf3 Nc6 3. d4 exd4 4. Nxd4 Nf6 5. Nxc6 bxc6 6. e5 Qe7 7. Qe2 Nd5 8.
Nd2 Qe6 9. c4 Nb6 10. b3 Be7 11. Bb2 O-O 12. Qe4 d5 13. exd6 cxd6 14. Bd3 d5
15. Qxe6 fxe6 16. cxd5 cxd5 17. Nf3 Bf6 18. O-O-O a5 19. Rhe1 a4 20. Re2 axb3
21. axb3 Bd7 22. Ne5 Rfc8+ 23. Kb1 Be8 24. f4 Nd7 25. Nxd7 Bxd7 26. f5 Bxb2 27.
Kxb2 exf5 28. Re7 Rd8 29. Rc1 Kf8 30. Re5 g6 31. Rxd5 Be6 32. Rxd8+ Rxd8 33.
Bc4 Bc8 34. Kc3 Bb7 35. g3 Ke7 36. Ra1 Ra8 37. Rxa8 Bxa8 38. Kd4 Kd6 39. Bg8 h6
40. Bh7 Bd5 41. b4 Bf7 42. b5 Be8 43. b6 Kc6 44. Ke5 Kxb6 45. Kf6 g5 46. Bxf5
Kc5 47. Kg7 h5 48. Kh6 h4 49. g4 Kd6 50. Kxg5 Ke5 51. Kxh4 Kf6 52. Bd3 Bd7 53.
g5+ Kg7 54. Kg3 Be8 55. h4 Bh5 56. Kf4 Bf7 57. Bf5 Bh5 58. Bg4 Be8 59. h5 Bf7
60. Bf3 Be8 61. Be2 Bf7 62. Kf5 Be8 63. g6 Kh6 64. Bc4 Kg7 65. Kg5 Kh8 66. Bd3
1-0

[Event "BL 9394 Zehlendorf-Bamberg"]
[Site "?"]
[Date "1994.??.??"]
[Round "?.6"]
[White "Heinig, W."]
[Black "Huemmer, B."]
[Result "1-0"]
[WhiteElo "2320"]
[BlackElo "2290"]
[PlyCount "133"]
[EventDate "1994.??.??"]

1. d4 d6 2. Nf3 Bg4 3. e3 c6 4. Be2 e6 5. O-O Nf6 6. c4 Be7 7. Nc3 d5 8. b3
Nbd7 9. Bb2 O-O 10. h3 Bh5 11. Qc2 Qb8 12. Rad1 Rd8 13. Rfe1 a6 14. e4 dxe4 15.
Nxe4 Nxe4 16. Qxe4 Bg6 17. Qe3 Bb4 18. Nd2 Nf6 19. Bf3 a5 20. a3 Bd6 21. g3 Qc7
22. Bg2 Rd7 23. Nf3 Rad8 24. Nh4 Bf8 25. Nxg6 hxg6 26. Rd2 e5 27. d5 cxd5 28.
Bxe5 Bd6 29. Bxf6 gxf6 30. Rxd5 Re7 31. Qd2 Rxe1+ 32. Qxe1 Bxa3 33. Qxa5 Qxa5
34. Rxa5 Rd1+ 35. Kh2 Bb4 36. Rb5 Be1 37. Rxb7 Bxf2 38. Bd5 Be3 39. Bxf7+ Kg7
40. Bd5+ Kh6 41. Kg2 Ra1 42. Kf3 Bd4 43. Bg8 f5 44. h4 Ra7 45. Rxa7 Bxa7 46. b4
Kg7 47. Bd5 Kf6 48. c5 Ke7 49. Bb3 Kf6 50. Ba4 Ke7 51. Bc6 Kf7 52. Bd7 Ke7 53.
Bc8 Kf6 54. Ba6 Ke7 55. Bd3 Ke6 56. g4 fxg4+ 57. Kxg4 Kf6 58. Be4 Bb8 59. b5
Be5 60. b6 Bd4 61. b7 Be5 62. c6 Bc7 63. Bxg6 Kxg6 64. h5+ Kf6 65. h6 Kg6 66.
h7 Kxh7 67. Kf5 1-0

[Event "BL 9394 Zehlendorf-Bamberg"]
[Site "?"]
[Date "1994.??.??"]
[Round "?.7"]
[White "Stickler, A."]
[Black "Lieb, H."]
[Result "1-0"]
[WhiteElo "2245"]
[BlackElo "2275"]
[PlyCount "75"]
[EventDate "1994.??.??"]

1. d4 d5 2. c4 c6 3. Nf3 Nf6 4. Nc3 dxc4 5. a4 Bf5 6. e3 e6 7. Bxc4 Bb4 8. O-O
O-O 9. Qe2 Bg6 10. Ne5 Nbd7 11. Nxg6 hxg6 12. Rd1 Nd5 13. Na2 Be7 14. e4 N5b6
15. Bb3 a5 16. Be3 Nb8 17. Nc3 N6d7 18. d5 exd5 19. exd5 c5 20. d6 Bf6 21. Qg4
Ne5 22. Qe4 Nbd7 23. Nd5 Ra6 24. Ne7+ Bxe7 25. dxe7 Qxe7 26. Rxd7 Qxd7 27. Qxe5
b6 28. Rd1 Qc8 29. Bc4 Ra7 30. Qd6 Qg4 31. b3 Rb7 32. h3 Qf5 33. Rd5 Qf6 34.
Bg5 Qa1+ 35. Rd1 Qc3 36. Qd5 Ra7 37. Qd6 Rb7 38. Qxf8+ 1-0

[Event "BL 9394 Zehlendorf-Bamberg"]
[Site "?"]
[Date "1994.??.??"]
[Round "?.8"]
[White "Klimm, W."]
[Black "Loew, G."]
[Result "0-1"]
[WhiteElo "2250"]
[BlackElo "2245"]
[PlyCount "64"]
[EventDate "1994.??.??"]

1. Nf3 d5 2. b3 Bg4 3. e3 c6 4. Bb2 Nd7 5. c4 e6 6. Be2 Ngf6 7. O-O Bd6 8. h3
Bh5 9. d4 Qb8 10. Nc3 O-O 11. Qc2 Bg6 12. Bd3 dxc4 13. bxc4 Re8 14. Bxg6 hxg6
15. a4 a5 16. Qb3 e5 17. Ng5 exd4 18. exd4 Bf4 19. Nf3 Qc7 20. Ba3 g5 21. g4
Nf8 22. Bxf8 Kxf8 23. Rfe1 Qd7 24. Kf1 g6 25. Rad1 Kg7 26. Ne5 Qc7 27. Nf3 Rh8
28. Kg2 Nxg4 29. hxg4 Qd7 30. Ne4 Qxg4+ 31. Kf1 Rae8 32. Rd3 Rh1+ 0-1

[Event "BL 9394 Dortmund-Bamberg"]
[Site "?"]
[Date "1994.??.??"]
[Round "?.1"]
[White "Pribyl, J."]
[Black "Beckhuis, G."]
[Result "1-0"]
[WhiteElo "2395"]
[BlackElo "2195"]
[PlyCount "73"]
[EventDate "1994.??.??"]

1. d4 Nf6 2. c4 g6 3. Nc3 Bg7 4. e4 d6 5. f4 O-O 6. Nf3 Na6 7. Bd3 e5 8. fxe5
dxe5 9. d5 c6 10. O-O cxd5 11. cxd5 Qb6+ 12. Kh1 Ng4 13. Qe2 Nc5 14. Bc4 Bd7
15. h3 Nf6 16. Bg5 Nh5 17. Qf2 Na4 18. Nxa4 Qxf2 19. Rxf2 Bxa4 20. Re1 Rac8 21.
b3 Bd7 22. Be7 Rfe8 23. d6 Nf4 24. Rd1 b5 25. Bf1 f6 26. a4 a6 27. axb5 axb5
28. Ra2 Ra8 29. Rda1 Rab8 30. Ra7 Bc6 31. Nd2 Bf8 32. Bxf6 Bxd6 33. Rg7+ Kf8
34. Raa7 Rec8 35. Rxh7 Ke8 36. Rh8+ Bf8 37. Re7+ 1-0